| 000 | 00647cam a2200145u 4500 | ||
|---|---|---|---|
| 082 |
_a621.4025 _bGRU _cL-12, P-22 |
||
| 100 | 1 |
_aGrundy, Reginald Herbert. [from old catalog] _941810 |
|
| 245 | 0 | 4 |
_aThe theory and practice of heat engines, including steam gernerators, reciprocating steam engines, steam turbines and internal combustion engines; _ba text-book for engineers and students, |
| 260 |
_aLondon, _aNew York [etc.] _bLongmans, Green and co. _c[1943] |
||
| 300 |
_axiii, 723 p. _bcol. front., illus., diagrs. _c22 cm. |
||
| 526 |
_a0 _b0 _c0 _d621_402500000000000_GRU |
||
| 650 | 0 |
_aHeat-engines. _938614 |
|
| 650 | 0 |
_aMCE _9379 |
|
| 942 |
_2ddc _cBK |
||
| 999 |
_c545842 _d545842 |
||